000 03125cam a22006974i 4500
003 PE-LiUPU
005 20250731170429.0
008 180625s2015 sp a rb 000 0 spa d
020 _a9788436833331
_q(Obra completa)
020 _a9788436833348
_q(Manual)
020 _a9788436833355
_q(Ejercicios)
035 _a(Sirsi) a252911
040 _aPE-LiUPU
_bspa
_cPE-LiUPU
_erda
049 _aPRUA
082 0 4 _a155.4
_bF41
_220
100 1 _aFernández Molina, Milagros,
_eautor.
245 1 0 _aBienestar psicológico infantil :
_bdetección, prevención y optimización en la escuela infantil. Ejercicios /
_cMilagros Fernández Molina.
526 _aSEG68
526 _aSEG70
526 _aSEG69
526 _aSEG67
526 _aSEG43
526 _aP144
526 _aP143
526 _aP131
526 _aP122
526 _aP120
526 _aP117
526 _aP112
526 _aP110
526 _aP106
526 _aP101
526 _aP80
526 _aP59
526 _aP54
526 _aP35
526 _aP33
526 _aP30
598 _aCATALOGING
264 1 _aMadrid :
_bPirámide,
_c2015.
300 _a212 páginas :
_bilustraciones ;
_c25 centímetros.
300 _aCuaderno de ejercicios
336 _atext
_2rdacontent
337 _aunmediated
_2rdamedia
338 _avolume
_2rdacarrier
490 0 _aPsicología. Pedagogía y didáctica
504 _aBibliografía : páginas 201-212.
505 0 _aEjercicios,
_tBienestar psicológico infantil.
_aConstrucción del concepto de bienestar psicológico por descubrimiento -- Pensamiento crítico -- Observación y detección de situaciones y factores de riesgo y de protección -- Pensamiento crítico -- Ejercicios prácticos -- Reflexión crítica -- Observación y detección -- Reflexión crítica y actuaciones desde la función de tutora -- Estudio y análisis en grupos cooperativos de procedimientos y técnicas -- Conociendo las habilidades, capacidades y procesos cognitivos y lingüísticos necesarios para la escuela infantil -- Observación y detección del grado de bienestar en el área cognitivolingüística -- Análisis cognitivo de tareas escolares para 3, 4 y 5 años -- Manipulación estudio y análisis crítico de materiales -- Diseño de recursos para detección y screening -- Proyecto de intervención. diseño de actividades, asambleas de aula, tutorías con padres, dinámicas de clave y programas educativos para la promoción del bienestar efectivo, emocional y social.
541 _gF002-00000083;
650 0 4 _aPsicología infantil.
650 0 4 _aEducación, preescolar.
650 0 4 _aPsicología Educacional.
650 0 4 _aChild psychology.
650 0 4 _aEducation, Preschool.
650 0 4 _aEducational psychology.
910 _adbm
_bjpc
_cjpc
_d20180625
942 _2ddc
_cBOOK
994 _aC0
_bPEPRU
596 _a1
999 _a155.4 F41
_wLC
_c32113
_i81000
_d32113
_f2021-12-13
_g1
_lCCODEBUL1
_mBUL
_p34.00
_q1
_r0
_sY
_tBOOK
_u2021-12-13
_xSALUD
_PP33
_0COMPRA
980 _81
_gALBERTO SANCHEZ Responsable de Automatización